00233nam a2200085Ia 4500008004100000041000800041100001700049245004800066260003300114241105s9999 xx 000 0 und d aeng aHeble Varada aLandscape Approach For Khazan Ecosystem Goa bM Arch Landscape, Punec2014